| 000 | 00542nam a2200205 4500 | ||
|---|---|---|---|
| 005 | 20240911124058.0 | ||
| 008 | 240911b |||||||| |||| 00| 0 eng d | ||
| 020 |
_aX _c[n.p.] |
||
| 040 | _aMAIN | ||
| 082 |
_a380.954 _bS16I |
||
| 100 | _aShallu | ||
| 245 | _aImpact of corporate governance on firm risk in indian stock market | ||
| 260 |
_bDept. of commerce, M D University,Rohtak _c2024 |
||
| 300 | _axiv, 194 | ||
| 650 | _aCommerce | ||
| 650 | _aStock market- India | ||
| 700 | _aYadav, Mahender | ||
| 942 | _cTH | ||
| 999 |
_c356790 _d356790 |
||